| 000 | 00584nam a22001817a 4500 | ||
|---|---|---|---|
| 020 | _qHard Cover. | ||
| 082 | _a004 | ||
| 100 | _aAal Husnain, Syed ; Latif, Sheyer | ||
| 245 |
_aONLINE MUNSHI / _cSyed Aal Husnain ; Sheyer Latif |
||
| 260 |
_aIslamabad : _bSEECS - NUST, _c2018. |
||
| 300 |
_a83 p. : ill. ; _c30cm. |
||
| 563 | _aHBK. | ||
| 650 |
_aSoftware Engineering-Project Report. _930818 |
||
| 700 |
_aDr. Anisur Rahman. _930948 |
||
| 856 | _uhttp://10.250.8.41:8080/xmlui/handle/123456789/28755 | ||
| 942 |
_2ddc _cPR |
||
| 999 |
_c536017 _d536017 |
||